000
00258nam a2200097Ia 4500
001
682950
005
20250826161428.0
008
250824s9999 xx 000 0 und d
245
0
_a
OSMANLININ KALBİNİ BEKLEYENLER
_c
TALHA UĞURLUEL
260
_b
TİMAŞ YAYINLARI
999
_c
682950
_d
682950